<A> Simple Filtering Procedure for Removing Negative Values from Numerical Solutions of the Advection Equation

Enregistré dans:
Détails bibliographiques
Auteur principal: Bartnicki, Jerzy
Format: Livre
Langue:allemand
Publié: Laxenburg International Institute for Applied Systems Analysis 1990
Édition:1. ed.
Tags: Ajouter un tag
Pas de tags, Soyez le premier à ajouter un tag!

MARC

LEADER 00000nam a2200000 4500
001 c034224
005 20221215124822.4
041 0 |a ger 
044 |a AT 
245 1 0 |a <A> Simple Filtering Procedure for Removing Negative Values from Numerical Solutions of the Advection Equation  |c Jerzy Bartnicki 
250 |a 1. ed. 
264 1 |a Laxenburg  |b International Institute for Applied Systems Analysis  |c 1990 
300 |a S. 187-201 
500 |a Separát z.: Environmental Software, 4/4: 187-201 
100 1 |a Bartnicki, Jerzy